000 01387nam a2200337 i 4500
003 EG-GICUC
005 20260209235916.0
008 260209s2006 ua ||||fr|||| 00| 0 ara d
040 _a EG-GICUC
_bara
_c EG-GICUC
_d EG-GICUC
_erda
041 0 _aara
082 0 4 _a343.425
_bم ح . ش
_221
092 0 4 _221
099 _aLaw1 10 343.425 م ح . ش 1 ed - 2006 1006513
100 0 _aمحمد رضا حسين
_eمؤلف.
245 1 0 _aشرح تعديلات قانون العقوبات الخاصة بجرائم النشر /
_cالمستشار محمد رضا حسين، الدكتور محمد الشهاوي.
250 _aالطبعة الأولى،
264 1 _aالقاهرة :
_bدار النهضة العربية،
_c2006.
300 _a156 صفحة ؛
_c24 سم.
_bإيضاحيات، صور، مثيليات ؛
336 _2rda content
_atext
337 _2rda media
_aComputer
338 _2rda carrier
_aOnline Resource
504 _aيشتمل على ارجاعات ببليوجرافية.
546 _aالنص باللغة العربية
650 1 4 _aالتشريعات المتعلقة بالصحافة
_2qrmak
650 1 4 _aالقانون الجنائي
_2qrmak
651 1 _2qrmak
700 _aمحمد الشهاوي
_eمؤلف مشارك.
856 4 0 _uhttps://fll.law.cu.edu.eg/fulltext/bks/B10-06513.pdf
905 _a18
942 _2ddc
_n0
_cBK
_e21
999 _c62178
_d62178